000 00930nac a22002411u 4500
008 100905t xxu||||| |||| 00| 0 eng d
010 _a 56012183
035 _a(OCoLC)1487933
082 _a621.56
_bJOR
100 _aJordan, Richard Charle
_917845
245 0 0 _aRefrigeration and Air Conditioning
_cRichard C. Jordan and Gayle B. Priester.
250 _a2nd ed.
260 _aEnglewood Cliffs, N.J.,
_bPrentice-Hall,
_c1956.
300 _a555 p. :
_bill. ;
_c24 cm.
500 _aIncludes Index.
500 _aDonations.
500 _aDonations - Bibliotheca Alexandrina.
650 0 _aRefrigeration and refrigerating machinery.
_917846
650 0 _aAir conditioning.
_917847
700 1 _aPriester, Gayle B.,
_917848
942 _cBB
_k621.56 JOR
_2ddc
999 _c3484
_d3484